• 首页
  • 本馆介绍
  • 公告通知
  • 最新文献
  • 馆藏检索
  • 电子资源
  • 读者导购
  • 参考咨询
  • 我的图书馆
  • 登录
  • 详细信息显示
  • 放入我的书架
  • 预约/预借图书
  • 作者相关作品
  • 分类相关作品
  • 丛书相关作品
  • 出版社相关作品

书目信息

  • 表格格式
  • 工作单格式
  • 卡片格式
题名:
诗学与时间
    
 
作者: 刘光耀 著
分册:  
出版信息: 上海   上海三联书店  2005
页数: 325页
开本: 21cm
丛书名:
单 册:
中图分类: I052
科图分类:
主题词: 文学研究 , 诗歌--神学--文学研究 , 神学 , 诗歌
电子资源:
ISBN: 7-5426-2120-3
000 00998nam0 2200277 450
001 002998722
005 20061203171448.51
010    @a7-5426-2120-3@dCNY28.00
100    @a20050119d2005 em y0chiy0110 ea
101 0  @achi@deng@eeng
102    @aCN@b310000
105    @ay z 000yy
200 1  @a诗学与时间@9shi xue yu shi jian@dPoetics & time@e神学诗学导论@f刘光耀著@zeng
210    @a上海@c上海三联书店@d2005
215    @a325页@d21cm
330    @a本书致力于原创性和体系性地辩明,对各种文类的认识论特征与之相关的文体特征以及如“表现”、“再现”、“摹仿”等诸多基本的诗学范畴与概念做出了新的诠释,并提出一系列新的概念与范畴,展现出一条使神学走向诗学、诗学走向神学的新进路。
510 1  @aPoetics & Time@zeng
517 1  @a神学诗学导论@9shen xue shi xue dao lun
606 0  @a文学研究
606 0  @a诗歌@x神学@x文学研究
606 0  @a神学
606 0  @a诗歌
690    @aI052@v4
701  0 @a刘光耀@9liu guang yao@f(1954~)@4著
801  0 @aCN@bNLC@c20061203
905    @a10447@dI052@e157
    
    诗学与时间=Poetics & time:神学诗学导论/刘光耀著.-上海:上海三联书店,2005
    325页;21cm
    
    
    ISBN 7-5426-2120-3:CNY28.00
    本书致力于原创性和体系性地辩明,对各种文类的认识论特征与之相关的文体特征以及如“表现”、“再现”、“摹仿”等诸多基本的诗学范畴与概念做出了新的诠释,并提出一系列新的概念与范畴,展现出一条使神学走向诗学、诗学走向神学的新进路。
●
相关链接 在E读中查询图书 在五车中查询图书 在当当中查询图书 在豆瓣中查询图书


正题名:诗学与时间     索取号:I052/157         预约/预借

序号 登录号 条形码 馆藏地/架位号 状态 备注
1 0382761   203827617   第一样本阅览室/ [索取号:I052/157] 在馆    
2 0382762   203827626   第二借阅区/ [索取号:I052/157] 在馆    
3 0382763   203827635   第二借阅区/ [索取号:I052/157] 在馆    
4 0382764   203827644   第二借阅区/ [索取号:I052/157] 在馆    
5 0382765   203827653   第二借阅区/ [索取号:I052/157] 在馆    
6 0608333   206083334   第二借阅区/ [索取号:I052/157] 在馆    
7 0608340   206083405   第二借阅区/ [索取号:I052/157] 在馆    
8 0608341   206083414   第二借阅区/ [索取号:I052/157] 在馆    
9 0608342   206083423   第二借阅区/ [索取号:I052/157] 在馆    
10 0608343   206083432   第二借阅区/ [索取号:I052/157] 在馆    
唐山师范学院图书馆 欢迎您!
大连网信软件有限公司© 版权所有